00326nam a2200145Ia 45000030006000000080041000060400015000471000027000622450011000892500006001002600037001063000006001435460014001490050017001630STCL150530s9999 xx 000 0 und d aSTCLcSTCL aSudhakar Mangalodhayam aSankhu a1 bC I C C Book House ; Kochic2009 a0 aMalayalam20220125171610.0